[Event "FRA-ch U12"]
[Site "Le Grand Bornand"]
[Date "2007.04.??"]
[Round "9"]
[White "Froment, Theophile"]
[Black "Devoille, Hugo"]
[Result "1-0"]
[WhiteElo "1570"]
[BlackElo "1550"]
[PlyCount "33"]
[EventDate "2007.04.07"]
[EventType "swiss"]
[EventRounds "9"]
[EventCountry "FRA"]
[SourceTitle "CBM 118 Extra"]
[Source "ChessBase"]
[SourceDate "2007.07.04"]
[SourceVersion "1"]
[SourceVersionDate "2007.07.04"]
[SourceQuality "1"]

1. e4 e5 2. Nf3 Nf6 3. Nxe5 d6 4. Nf3 Nxe4 5. d4 d5 6. Bd3 Bd6 7. 0-0 0-0 8. c4 c6 9. Re1 f5 10. Nc3 Nxc3 11. bxc3 Bc7 12. h3 b5 13. cxb5 Ba5 14. Qc2 Qc7 15. Ba3 Rf6 16. Re8+ Kf7 17. Re7+ 1-0